Qui réside à ces célèbres adresses ? 3 - Statistiques

Statistiques générales
  • Ce quiz a été pris 22 fois
  • Le résultat moyen est 7 sur 15
Statistiques - réponses
Hint Réponse % Correct
Kokyo Empereur du Japon
100%
Palais de Buckingham Roi du Royaume-Uni
100%
Palais de la Zarzuela Roi d'Espagne
74%
Palais d'Al-Yamanah Roi d'Arabie saoudite
58%
Huis ten Bosch Roi des Pays-Bas
58%
Palais Amalienborg Reine du Danemark
53%
Château de Laeken Roi des Belges
53%
Château de Drottningholm Roi de Suède
53%
Emin Diwan Emir du Qatar
26%
Palais Chitralada Roi de Thaïlande
26%
Palais Bayan Emir du Koweït
21%
Palais de Dechencholing Roi du Bhoutan
16%
Palais Nurul Iman Sultan du Brunei
16%
Istana Negara Roi de Malaisie
11%
Palais de Raghadan Roi de Jordanie
5%
Aucun quiz correspondant
Distribution des résultats
% des personnes avec chaque résultat
Percentile par nombre de réponses
Votre historique - résultats
Vous n’avez pas pris ce quiz